जान मैनार्ड कैन्ज का अर्थशास्त्र* मुद्रा अर्थव्यवस्था का सिद्वान्त, अनु ओमप्रकाश महाजन (Record no. 340219)

MARC details
000 -LEADER
fixed length control field 00986nam a2200253Ia 4500
003 - CONTROL NUMBER IDENTIFIER
control field OSt
005 - DATE AND TIME OF LATEST TRANSACTION
control field 20220923220508.0
008 - FIXED-LENGTH DATA ELEMENTS--GENERAL INFORMATION
fixed length control field 220922b |||||||| |||| 00| 0 hin d
037 ## - SOURCE OF ACQUISITION
Terms of availability Textual
040 ## - CATALOGING SOURCE
Original cataloging agency ARTS
Transcribing agency ARTS
Language of cataloging hin
041 ## - LANGUAGE CODE
Source of code hin
Language code of text/sound track or separate title hin
100 ## - MAIN ENTRY--PERSONAL NAME
Personal name डिलर्ड, डडले
245 #0 - TITLE STATEMENT
Title जान मैनार्ड कैन्ज का अर्थशास्त्र* मुद्रा अर्थव्यवस्था का सिद्वान्त, अनु ओमप्रकाश महाजन
246 ## - VARYING FORM OF TITLE
Title proper/short title Jān mainārḍa kainja kā arthashāstra: mudrā arthavyavasthā kā sidvānta, anu0 omaprakāsh hinājana
260 ## - PUBLICATION, DISTRIBUTION, ETC.
Date of publication, distribution, etc. 1967
300 ## - PHYSICAL DESCRIPTION
Extent 366पृ.
Dimensions cm.
650 ## - SUBJECT ADDED ENTRY--TOPICAL TERM
Topical term or geographic name entry element अर्थशास्त्र
942 ## - ADDED ENTRY ELEMENTS (KOHA)
Classification part X6xM83, 152K7
Koha item type Textual
Source of classification or shelving scheme Colon Classification (CC)
Holdings
Withdrawn status Lost status Damaged status Not for loan Home library Current library Date acquired Total Checkouts Full call number Barcode Date last seen Price effective from Koha item type
        Arts Library Arts Library 2022-09-23   X6xM83 152K7 AL0266752 2022-09-23 2022-09-23 Textual
Copyright @ Delhi University Library System